Nobel Prize With Special Reference to India/ (Record no. 188998)

MARC details
000 -LEADER
fixed length control field 00501nam a2200181 4500
005 - DATE AND TIME OF LATEST TRANSACTION
control field 20220609112400.0
010 ## - LCCN (DPL NO)
LC control number ENG-133177
020 ## - INTERNATIONAL STANDARD BOOK NUMBER
International Standard Book Number 9788192038285
Terms of availability 250.00
035 ## - SYSTEM CONTROL NUMBER
System control number EN-116709
037 ## - SOURCE OF ACQUISITION
Source of stock number/acquisition DBAD/PUB
082 ## - DEWEY DECIMAL CLASSIFICATION NUMBER
Classification number 920
100 ## - MAIN ENTRY--PERSONAL NAME
Personal name Sarkar, Dilip Kumar
245 ## - TITLE STATEMENT
Title Nobel Prize With Special Reference to India/
Statement of responsibility, etc Dilip Kumar Sarkar
260 ## - PUBLICATION, DISTRIBUTION, ETC. (IMPRINT)
Place of publication, distribution, etc Kolkata
Name of publisher, distributor, etc Dilip Kumar Sarkar
Date of publication, distribution, etc 2019
270 ## - ADDRESS
City Kolkata
300 ## - PHYSICAL DESCRIPTION
Extent 216p.
Dimensions 21cm(pbk)
942 ## - ADDED ENTRY ELEMENTS (KOHA)
Source of classification or shelving scheme Dewey Decimal Classification
Item type English Books
Classification part 920
Call number suffix SAR
Holdings
Withdrawn status Lost status Not for loan Collection code Home library Current library Date acquired Source of acquisition Cost, normal purchase price Full call number Barcode Copy number Cost, replacement price Koha item type
    Not For Loan Non-fiction D.B.Act.Division Mobile Library 09/06/2022 DBAD/PUB 250.00 920 SAR EN-116709 1 250.00 English Books

© Delhi Public Library
Hit Counter
free hit counter